| 000 | 00741nam a22002417a 4500 | ||
|---|---|---|---|
| 003 | 0 | ||
| 005 | 20180723155833.0 | ||
| 008 | 0 | ||
| 010 | _aB-225751 | ||
| 020 |
_a0070611262 _c00.00 |
||
| 035 | _aB-225751, B-225757 | ||
| 037 | _bCen Lib/Ret | ||
| 040 |
_aDPL _bEN _c0 |
||
| 082 |
_a342.540662 _bYAS |
||
| 100 |
_aYashada _993900 |
||
| 245 |
_aRight to Information Act, 2005 : _cby Yashada _ba primer / |
||
| 260 |
_aNew Delhi _bTata McGraw-Hill Publishing Company _c2006 |
||
| 270 |
_a7 West Patel Nagar _bNew Delhi _e110008 |
||
| 300 |
_axiv,155p. _c22cm(Hb) |
||
| 650 |
_aIndia. -- Right to Information Act, 2005 _993901 |
||
| 650 |
_aFreedom of information -- India _940291 |
||
| 942 |
_2ddc _cEN _h342.540662 _mYAS |
||
| 999 |
_c135053 _d135053 |
||